Central Library, Doon University
WEBOPAC (ONLINE PUBLIC ACCESS CATALOGUE)

Computer Networking (Record no. 60625)

MARC details
000 -LEADER
fixed length control field 00439nam a22001817a 4500
005 - DATE & TIME
control field 20260416115713.0
008 - FIXED-LENGTH DATA ELEMENTS--GENERAL INFORMATION
fixed length control field 260416b |||||||| |||| 00| 0 eng d
020 ## - ISBN
International Standard Book Number 9789380444734
Price 1095.00
040 ## - CATALOGING SOURCE
Original cataloging agency Doon University
041 ## - Language
Language English
082 ## - DDC NUMBER
Classification number 004.6
Book Number KAP
100 ## - MAIN ENTRY--PERSONAL NAME
Personal name Kapil, Kumar
245 ## - TITLE STATEMENT
Title Computer Networking
260 ## - PUBLICATION, DISTRIBUTION, ETC. (IMPRINT)
Place of publication, distribution, etc Delhi
Name of publisher, distributor, etc A.B. Publisher
Date of publication, distribution, etc 2025
300 ## - PHYSICAL DESCRIPTION
Pages 535
650 ## - Subject
Subject Computer Science
942 ## - ADDED ENTRY ELEMENTS (KOHA)
Koha item type Books
100 ## - MAIN ENTRY--PERSONAL NAME
-- 25632
952 ## - LOCATION AND ITEM INFORMATION (KOHA)
-- 2026-04-16
952 ## - LOCATION AND ITEM INFORMATION (KOHA)
-- 2026-04-16
952 ## - LOCATION AND ITEM INFORMATION (KOHA)
-- 2026-04-16
952 ## - LOCATION AND ITEM INFORMATION (KOHA)
-- 2026-04-16
952 ## - LOCATION AND ITEM INFORMATION (KOHA)
-- 2026-04-16
952 ## - LOCATION AND ITEM INFORMATION (KOHA)
-- 2026-04-16
952 ## - LOCATION AND ITEM INFORMATION (KOHA)
-- 2026-04-16
952 ## - LOCATION AND ITEM INFORMATION (KOHA)
-- 2026-04-16
952 ## - LOCATION AND ITEM INFORMATION (KOHA)
-- 2026-04-16
952 ## - LOCATION AND ITEM INFORMATION (KOHA)
-- 2026-04-16
Holdings
Withdrawn status Lost status Source of classification or shelving scheme Damaged status Not for loan Location (home branch) Sublocation or collection (holding branch) Date acquired Koha full call number Accession No. Koha date last seen Koha item type Koha issues (times borrowed)
        Not For Loan Doon University Doon University 16.04.2026 004.6 KAP 53922 16.04.2026 Reference  
          Doon University Doon University 16.04.2026 004.6 KAP 53923 16.04.2026 Books  
          Doon University Doon University 16.04.2026 004.6 KAP 53924 16.04.2026 Books  
          Doon University Doon University 16.04.2026 004.6 KAP 53925 16.04.2026 Books  
          Doon University Doon University 16.04.2026 004.6 KAP 53926 16.04.2026 Books  
          Doon University Doon University 16.04.2026 004.6 KAP 53927 16.04.2026 Books  
          Doon University Doon University 16.04.2026 004.6 KAP 53928 16.04.2026 Books  
          Doon University Doon University 16.04.2026 004.6 KAP 53929 16.04.2026 Books  
          Doon University Doon University 16.04.2026 004.6 KAP 53930 16.04.2026 Books  
          Doon University Doon University 16.04.2026 004.6 KAP 53931 16.04.2026 Books  
Contact : +91-135-2533126 (Library),+91-135-2533105 (Admin Office) , Email : doonlibrary@gmail.com

Powered by Koha